Kleinsten Landkreise Deutschlands (Fläche) - Statistiken

Allgemein
  • Dieses Quiz wurde 34 mal gespielt
  • Das Durchschnittsergebnis liegt bei 13 aus 20
Antwortstatistiken
Fläche Bundesland Landkreis % Korrekt
411 km² Saarland Regionalverband Saarbrücken
91%
250 km² Saarland Neunkirchen
88%
459 km² Saarland Saarlouis
88%
223 km² Hessen Main-Taunus-Kreis
78%
476 km² Saarland St. Wendel
78%
407 km² Nordrhein-Westfalen Mettmann
75%
460 km² Thüringen Sonneberg
75%
356 km² Hessen Offenbach
69%
463 km² Rheinland-Pfalz Germersheim
66%
305 km² Rheinland-Pfalz Rhein-Pfalz-Kreis
66%
323 km² Bayern Lindau (Bodensee)
63%
418 km² Saarland Saarpfalz-Kreis
63%
410 km² Nordrhein-Westfalen Ennepe-Ruhr-Kreis
59%
453 km² Hessen Groß-Gerau
59%
482 km² Hessen Hochtaunuskreis
59%
307 km² Bayern Fürth
53%
450 km² Nordrhein-Westfalen Herford
53%
435 km² Bayern Fürstenfeldbruck
50%
488 km² Bayern Starnberg
47%
437 km² Nordrhein-Westfalen Rheinisch-Bergischer Kreis
44%
Keine übereinstimmenden Quizze gefunden
Verteilung der Resultate
Anzahl Personen mit jedem Resultat
Perzentil nach korrekt beantworteten Fragen
Ihre Resultats-Entwicklung
Sie haben dieses Quiz noch nicht gespielt